000 00268nam a22001217a 4500
008 170929b xxu||||| |||| 00| 0 eng d
041 _aeng
080 _a37
100 _a47
101 _aEDU
245 _aMODERN DEBATE CASE TECHNIQUES
_cTERRY, D.R
942 _2udc
_cBK
999 _c30794
_d30794